000 00364nam a2200133Ia 4500
008 240624s9999 xx 000 0 und d
041 _aeng
082 _a378.165802 DUR
100 _aDURAND THOMAS
245 _aFUTURE OF BUSINESS SCHOOLS SCENARIOS AND
260 _c2008
_aNew York
_bPalgrave Macmillan
300 _axvi, : 365 : p. : cm. ; 22
365 _cGBP
_b50
999 _c27331
_d27331